000 00365nam a2200133Ia 4500
008 240624s9999 xx 000 0 und d
041 _aeng
082 _a338.04092 CHA
100 _aCHAHAL GURBAKSH
245 _aDREAM HOW I LEARNED THE RISKS AND REWARD
260 _c2008
_aNew York
_bPalgrave Macmillan
300 _axvi, : 240 : p. : cm. ; 22
365 _cGBP
_b28
999 _c21362
_d21362